00906cam a2200265 a 4500001000500000005001700005020001800022040002300040050002400063082001200087100002400099245008200123260003300205300003900238490002900277500003500306505000800341520015700349521002000506521002000526650002600546650002200572650002000594650002600614144820251203161306.0 a9780590629843 aDLCcDLCdDLCbeng00aPZ7.O81167bMr 199300aFic2201 aOsborne, Mary Pope.10aMummies in the morning /cby Mary Pope Osborne ; illustrated by Sal Murdocca. aNew York :bScholasticc1993 a64 pages :billustrations ;c20 cm aMagic Tree HousevBook 3 a"A First stepping stone book." aJ  aJack and his younger sister take a trip in their tree house back to ancient Egypt, where they help a queen's mummy continue her voyage to the Next Life.0 a500 bLexile 1 aJ bRaz-Plus  1aTime travelxFiction. 1aMummiesxFiction. 1aMagicxFiction. 1aTree housesxFiction.